000
00275nam a2200109Ia 4500
008
220204s9999 xx 000 0 und d
082
_a
778.5
_b
CAL
100
_a
B
245
0
_a
Thames and Hudson manual of filmmaking
260
_a
London
_b
Thames and Hudson
_c
1973
942
_c
BK
999
_c
25742
_d
25742